Statistics for Biggest Asian Cities by Letter - H

Click here to take the quiz!

General Stats

  • This quiz has been taken 55 times
  • The average score is 9 of 15

Answer Stats

CountryPopulationCity% Correct
Vietnam8.60 milHo Chi Minh City
100%
Vietnam3.80 milHanoi
98%
India,
Pakistan
10.2 mil (India)
2.27 mil (Pakistan)
Hyderabad
95%
China8.45 milHangzhou
90%
China5.10 milHarbin
83%
China7.50 milHong Kong
80%
Japan1.88 milHiroshima
76%
China4.95 milHefei
66%
China2.80 milHuizhou
37%
China1.93 milHuainan
32%
China1.86 milHaikou
29%
China1.98 milHuai'an
27%
China1.87 milHohhot
27%
China1.67 milHandan
15%
China1.69 milHengyang
7%

Score Distribution

Percentile by Number Answered

Percent of People with Each Score

Your Score History

You have not taken this quiz